Handbook on biodegradation and biological treatment of hazardous organic compounds

The introduction of synthetic organic chemicals into the environment during the last few decades has given rise to major concern about the ecotoxicological effects and ultimate fate of these compounds. The pollutants that are considered to be most hazardous because of their intrinsic toxicity, high...

Deskribapen osoa

Gorde:
Xehetasun bibliografikoak
Egile nagusia: Agteren, Martin H. van
Formatua: Liburua
Hizkuntza:Undetermined
Argitaratua: Boston Kluwer Academic Publishers 1998
Gaiak:
Etiketak: Etiketa erantsi
Etiketarik gabe, Izan zaitez lehena erregistro honi etiketa jartzen!
Thư viện lưu trữ: Trung tâm Học liệu Trường Đại học Cần Thơ
LEADER 01359nam a2200205Ia 4500
001 CTU_192033
008 210402s9999 xx 000 0 und d
082 |a 628.42 
082 |b A259/Vol.2 
100 |a Agteren, Martin H. van 
245 0 |a Handbook on biodegradation and biological treatment of hazardous organic compounds 
245 0 |c Martin H. van Agteren, Sytze Keuning, and Dick B. Janssen 
260 |a Boston 
260 |b Kluwer Academic Publishers 
260 |c 1998 
520 |a The introduction of synthetic organic chemicals into the environment during the last few decades has given rise to major concern about the ecotoxicological effects and ultimate fate of these compounds. The pollutants that are considered to be most hazardous because of their intrinsic toxicity, high exposure level, or recalcitrant behavior in the environment have been placed on blacklists and other policy priority lists. The fate of synthetic compounds that enter the environment is mainly determined by their rate of biodegradation, which therefore also has a major effect on the degree of bioaccumulation and the risk of ecotoxicological effects. 
650 |a Organic compounds,Hợp chất hữu cơ 
650 |x Environmental aspects,Khía cạnh môi trường 
910 |a Hải 
980 |a Trung tâm Học liệu Trường Đại học Cần Thơ